000 01246cam a2200325 a 4500
999 _c529434
_d529434
001 4681408
003 NUST
005 20190926105338.0
008 820616s1981 dcua b 000 0 eng
010 _a 81084902
020 _a0309032725 (pbk.) :
_c$7.60
038 _aMSOHAIL
040 _aDLC
_cDLC
_dDLC
043 _an-us---
050 0 0 _aHV3022
_b.R67 1981
082 0 0 _a362.40483
_219
100 1 _aRosenbloom, Sandra.
_921480
245 1 0 _aBus transit accessibility for the handicapped in urban areas /
_cSandra Rosenbloom.
260 _aWashington, D.C. :
_bTransportation Research Board, National Research Council,
_c1981.
300 _a73 p. :
_bill. ;
_c28 cm.
490 1 _aNational Cooperative Highway Research Program synthesis of highway practice,
_x0547-5570 ;
_v83
504 _aIncludes bibliographical references.
650 0 _aPeople with disabilities
_xTransportation
_zUnited States.
_921242
650 0 _aBus lines
_zUnited States.
_921481
650 0 _aBuses
_zUnited States
_xDesign and construction.
_921482
710 2 _aNational Cooperative Highway Research Program.
_920864
830 0 _aSynthesis of highway practice ;
_v83.
_921483
906 _a7
_bcbc
_corignew
_d2
_eopcn
_f19
_gy-gencatlg
942 _2ddc
_cBK